Đảm bảo toàn vẹn dữ liệu trong hoạt động thư viện điện tử /
Сохранить в:
| Главный автор: | |
|---|---|
| Другие авторы: | |
| Формат: | Статья |
| Язык: | Vietnamese |
| Предметы: | |
| Метки: |
Добавить метку
Нет меток, Требуется 1-ая метка записи!
|
| Thư viện lưu trữ: | Thư viện Trường Đại học Đà Lạt |
|---|
| LEADER | 00812nam a2200253 4500 | ||
|---|---|---|---|
| 001 | DLU190190902 | ||
| 005 | ##20190507 | ||
| 040 | # | # | |a DLU |b vie |
| 041 | # | # | |a vie |
| 044 | # | # | |a vn |
| 100 | # | # | |a Nguyễn Văn Hiệp. |
| 245 | # | # | |a Đảm bảo toàn vẹn dữ liệu trong hoạt động thư viện điện tử / |c Nguyễn Văn Hiệp, Nguyễn Tấn Công. |
| 653 | # | # | |a Bảo mật thông tin |
| 653 | # | # | |a Thư viện điện tử |
| 700 | # | # | |a Nguyễn Tấn Công. |
| 773 | # | # | |t Thông tin và Tư liệu |g Số 6, 2017, tr. 11-17 |
| 920 | # | # | |a Phòng Tạp chí -- Trung tâm Thông tin - Thư viện Trường Đại học Đà Lạt |
| 900 | # | # | |a True |
| 911 | # | # | |a Nguyễn Thị Thu Phương |
| 925 | # | # | |a G |
| 926 | # | # | |a A |
| 927 | # | # | |a BB |
| 980 | # | # | |a Thư viện Trường Đại học Đà Lạt |